Conferencias de William H. Beveridge (Record no. 33687)

MARC details
000 -LEADER
campo de control de longitud fija 00575nam a2200157 i 4500
001 - NÚMERO DE CONTROL
campo de control 33687
003 - IDENTIFICADOR DE NÚMERO DE CONTROL
campo de control ES-MaACL
005 - FECHA Y HORA DE LA ÚLTIMA TRANSACCIÓN
campo de control 20230906154813.0
007 - CAMPO FIJO DE DESCRIPCIÓN FÍSICA--INFORMACIÓN GENERAL
campo de control de longitud fija t|
008 - DATOS DE LONGITUD FIJA--INFORMACIÓN GENERAL
campo de control de longitud fija 030203q1946 sp ||||1| spa d
100 1# - ENTRADA PRINCIPAL--NOMBRE DE PERSONA
Nombre de persona Beveridge, William H.
9 (RLIN) 28714
245 10 - MENCIÓN DEL TÍTULO
Título Conferencias de William H. Beveridge
Resto del título : inauguración de la Cátedra de Seguridad Social, dotada por el Instituto Nacional de Previsión (marzo de 1946].
260 ## - PUBLICACIÓN, DISTRIBUCIÓN, ETC.
Lugar de publicación, distribución, etc. [S.l. :
Nombre del editor, distribuidor, etc. s.n.,
Fecha de publicación, distribución, etc. 1946?] (
Lugar de fabricación/manufactura Madrid :
Fabricante Imp. S. Aguirre)
300 ## - DESCRIPCIÓN FÍSICA
Extensión 24 p. :
Otras características físicas 1 retr. aut. ;
Dimensiones 16 cm.
852 ## - LOCALIZACIÓN
Ubicación ES-MaACL
Número de control de estantería 1868-F-11
Sublocalización o colección R.22502
Holdings
Estatus retirado Estado de pérdida Estado de daño No para préstamo Colección Biblioteca de origen Biblioteca actual Ubicación en estantería Fecha de adquisición Fuente de adquisición Total de préstamos Signatura topográfica completa Código de barras Visto por última vez Precio de reemplazo Tipo de ítem Koha
        Colección de folletos Biblioteca del Ateneo de Madrid Biblioteca del Ateneo de Madrid Depósito folletos 17/01/2008     1868-F-11 1035061 23/02/2023 23/02/2023 Folleto